[Event "Groningen op-B 57th"]
[Site "Groningen"]
[Date "2019.12.23"]
[Round "3"]
[White "Van Mulken, Nanning"]
[Black "Sprik, Sander"]
[Result "1/2-1/2"]
[WhiteElo "1605"]
[BlackElo "1791"]
[PlyCount "42"]
[EventDate "2019.12.21"]
[EventType "swiss"]
[EventRounds "9"]
[EventCountry "NED"]
[SourceTitle "CBM 194 Extra"]
[Source "ChessBase"]
[SourceDate "2020.03.31"]
[SourceVersion "1"]
[SourceVersionDate "2020.03.31"]
[SourceQuality "1"]

1. c4 Nf6 2. Nc3 e6 3. e4 d5 4. e5 Nfd7 5. Nf3 dxc4 6. Bxc4 Nb6 7. Bb3 c5 8. d4 Nc6 9. Bg5 Be7 10. Bxe7 Qxe7 11. dxc5 Qxc5 12. Qd6 Qxd6 13. exd6 0-0 14. 0-0-0 Bd7 15. Rhe1 Rac8 16. Kb1 Rfd8 17. Ne4 Na5 18. Bc2 Nd5 19. Ne5 f6 20. Nxd7 Rxd7 21. Ba4 Nc6 1/2-1/2

[Event "Dundee & Angus Congress Major"]
[Site "Dundee"]
[Date "2011.10.16"]
[Round "4"]
[White "Campbell, Kevin"]
[Black "Van Mulken, Nanning"]
[Result "1-0"]
[WhiteElo "1672"]
[BlackElo "1482"]
[PlyCount "126"]
[EventDate "2011.10.14"]
[EventType "swiss"]
[EventRounds "5"]
[EventCountry "SCO"]
[SourceTitle "EXT 2023"]
[Source "ChessBase"]
[SourceDate "2022.10.05"]
[SourceVersion "1"]
[SourceVersionDate "2022.10.05"]
[SourceQuality "1"]

1. e4 c6 2. d4 d5 3. e5 c5 4. c3 Nc6 5. Nf3 Bg4 6. Bb5 e6 7. Bxc6+ bxc6 8. Na3 cxd4 9. cxd4 Bb4+ 10. Kf1 Ne7 11. Nc2 Ba5 12. Bg5 Rb8 13. Rb1 h6 14. Bxe7 Qxe7 15. h3 Bf5 16. a3 0-0 17. b4 Bb6 18. Rc1 Qb7 19. Nh4 Bxc2 20. Rxc2 Qa6+ 21. Kg1 Qxa3 22. Rd2 Qxb4 23. Rd3 Bd8 24. Nf3 Qb1 25. Kh2 Qxd1 26. Rhxd1 Rb2 27. Kg1 Bb6 28. Rc3 a5 29. Rxc6 a4 30. Ra1 Rb4 31. Rd1 a3 32. Rcc1 a2 33. Ra1 Ra8 34. g4 Raa4 35. Kg2 Rc4 36. Rd2 Bxd4 37. Nxd4 Rxd4 38. Rdxa2 Rxa2 39. Rxa2 Re4 40. Ra8+ Kh7 41. Rf8 Kg6 42. f3 Rxe5 43. h4 f6 44. Kg3 d4 45. h5+ Kh7 46. Ra8 d3 47. Ra2 f5 48. Rd2 Rd5 49. gxf5 exf5 50. f4 g5 51. hxg6+ Kxg6 52. Kf3 h5 53. Ke3 h4 54. Rg2+ Kh6 55. Kd2 Rd4 56. Rf2 Kh5 57. Rf1 Rxf4 58. Rxf4 Kg5 59. Ra4 f4 60. Kxd3 h3 61. Ke2 Kg4 62. Kf2 Kf5 63. Kf3 Kg5 1-0

[Event "LSS CP-2008-P-00073"]
[Site "LSS email"]
[Date "2008.10.01"]
[Round "?"]
[White "Vaassen, Jack M"]
[Black "Van Mulken, Nanning"]
[Result "1-0"]
[WhiteElo "2100"]
[BlackElo "1620"]
[PlyCount "35"]
[EventDate "2008.10.01"]
[EventType "tourn (corr)"]
[EventRounds "6"]
[EventCountry "GER"]
[SourceTitle "Corr 2013"]
[Source "ChessBase"]
[SourceDate "2012.11.12"]
[SourceVersion "1"]
[SourceVersionDate "2012.11.12"]
[SourceQuality "1"]
[WhiteTeam "US of America"]
[BlackTeam "US of America"]
[WhiteTeamCountry "USA"]
[BlackTeamCountry "USA"]

1. Nf3 Nf6 2. c4 e6 3. g3 Be7 4. Bg2 0-0 5. 0-0 d5 6. d4 c6 7. Qc2 Nbd7 8. b3 a6 9. Nbd2 b5 10. e4 dxe4 11. Nxe4 Bb7 12. Nxf6+ Nxf6 13. Bb2 Rc8 14. Ng5 g6 15. Rfe1 Bb4 16. Re2 Qc7 17. d5 Qe7 18. dxe6 1-0

[Event "LSS CP-2008-P-00073"]
[Site "LSS email"]
[Date "2008.10.01"]
[Round "?"]
[White "Van Mulken, Nanning"]
[Black "De la Luz, Jose"]
[Result "0-1"]
[WhiteElo "1620"]
[BlackElo "682"]
[PlyCount "73"]
[EventDate "2008.10.01"]
[EventType "tourn (corr)"]
[EventRounds "6"]
[EventCountry "GER"]
[SourceTitle "Corr 2022"]
[Source "ChessBase"]
[SourceDate "2021.10.24"]
[SourceVersion "1"]
[SourceVersionDate "2021.10.24"]
[SourceQuality "1"]

1. d4 d5 2. c4 e6 3. Nf3 Nf6 4. Bg5 Bb4+ 5. Nbd2 dxc4 6. a3 Bxd2+ 7. Qxd2 h6 8. Bh4 g5 9. Bg3 Ne4 10. Qc2 Nxg3 11. hxg3 Nc6 12. Qxc4 Bd7 13. 0-0-0 Na5 14. Qb4 b6 15. Ne5 Nc6 16. Nxc6 Bxc6 17. f3 Qd5 18. e4 Qd7 19. Ba6 Qe7 20. Qc4 0-0 21. Qxc6 Qd6 22. Qxd6 cxd6 23. Rxh6 Kg7 24. Rdh1 Rh8 25. Rxh8 Rxh8 26. Rxh8 Kxh8 27. Kd2 Kg7 28. Ke3 Kf6 29. f4 g4 30. Be2 d5 31. Bxg4 Kg6 32. exd5 exd5 33. Bf3 f5 34. Bxd5 Kh5 35. Bf3+ Kg6 36. g4 fxg4 37. Bxg4 0-1

[Event "LSS CP-2008-P-00073"]
[Site "LSS email"]
[Date "2008.10.01"]
[Round "?"]
[White "Van Mulken, Nanning"]
[Black "Giurgiu, Nicolas T"]
[Result "0-1"]
[WhiteElo "1620"]
[BlackElo "2145"]
[PlyCount "42"]
[EventDate "2008.10.01"]
[EventType "tourn (corr)"]
[EventRounds "6"]
[EventCountry "GER"]
[SourceTitle "Corr 2013"]
[Source "ChessBase"]
[SourceDate "2012.11.12"]
[SourceVersion "1"]
[SourceVersionDate "2012.11.12"]
[SourceQuality "1"]
[WhiteTeam "US of America"]
[BlackTeam "US of America"]
[WhiteTeamCountry "USA"]
[BlackTeamCountry "USA"]

1. d4 d5 2. c4 e6 3. Nf3 c6 4. Nbd2 Nf6 5. e3 Nbd7 6. b3 Bd6 7. Bb2 0-0 8. Bd3 b6 9. 0-0 Bb7 10. Ne5 c5 11. Ndf3 Rc8 12. Rc1 cxd4 13. Nxd7 Nxd7 14. Nxd4 Ne5 15. Bb1 dxc4 16. Nb5 Qg5 17. f3 Qxe3+ 18. Kh1 Bb8 19. Re1 Qf4 20. Qc2 Ng6 21. Qc3 Qxh2# 0-1

[Event "LSS RC-2008-0-00009"]
[Site "LSS email"]
[Date "2008.07.09"]
[Round "?"]
[White "Niewold, Jaap"]
[Black "Van Mulken, Nanning"]
[Result "1-0"]
[WhiteElo "1672"]
[BlackElo "1362"]
[PlyCount "39"]
[EventDate "2008.06.25"]
[EventType "tourn (corr)"]
[EventRounds "6"]
[EventCountry "GER"]
[SourceTitle "Corr 2013"]
[Source "ChessBase"]
[SourceDate "2012.11.12"]
[SourceVersion "1"]
[SourceVersionDate "2012.11.12"]
[SourceQuality "1"]

1. e4 e5 2. Nf3 Nc6 3. Bb5 a6 4. Ba4 Nf6 5. 0-0 Be7 6. Re1 b5 7. Bb3 d6 8. c3 0-0 9. h3 Bb7 10. d4 Qd7 11. Bg5 h6 12. Bh4 Nh7 13. Bg3 exd4 14. cxd4 Rfe8 15. Nbd2 Bf8 16. Rc1 Na5 17. d5 Nxb3 18. Qxb3 c5 19. dxc6 Bxc6 20. Nd4 1-0

[Event "LSS OP-2008-0-00574"]
[Site "LSS email"]
[Date "2008.07.04"]
[Round "?"]
[White "Van Mulken, Nanning"]
[Black "Traczewski, Wojciech"]
[Result "0-1"]
[WhiteElo "1620"]
[BlackElo "1761"]
[PlyCount "40"]
[EventDate "2008.07.02"]
[EventType "tourn (corr)"]
[EventRounds "4"]
[EventCountry "GER"]
[SourceTitle "Corr 2011"]
[Source "ChessBase"]
[SourceDate "2010.08.31"]
[SourceVersion "1"]
[SourceVersionDate "2010.08.31"]
[SourceQuality "1"]

1. e4 c5 2. c3 d5 3. exd5 Qxd5 4. d4 Nf6 5. Nf3 Bg4 6. Nbd2 Nc6 7. Bc4 Bxf3 8. Qb3 Bxg2 9. Bxd5 Bxd5 10. Qxb7 Nxd4 11. Qa6 Nc2+ 12. Kd1 Nxa1 13. Re1 Rd8 14. Qa4+ Rd7 15. Ke2 e6 16. f3 e5 17. Kf2 Be7 18. Nc4 Bxc4 19. Qxc4 h6 20. Be3 Nc2 0-1

[Event "LSS OP-2008-0-00574"]
[Site "LSS email"]
[Date "2008.07.03"]
[Round "?"]
[White "Van Mulken, Nanning"]
[Black "Dumitriu, Laurentiu"]
[Result "0-1"]
[WhiteElo "1620"]
[BlackElo "1600"]
[PlyCount "52"]
[EventDate "2008.07.02"]
[EventType "tourn (corr)"]
[EventRounds "4"]
[EventCountry "GER"]
[SourceTitle "Corr 2011"]
[Source "ChessBase"]
[SourceDate "2010.08.31"]
[SourceVersion "1"]
[SourceVersionDate "2010.08.31"]
[SourceQuality "1"]

1. e4 e5 2. Nf3 d6 3. d4 exd4 4. Nxd4 Be7 5. Nc3 Nc6 6. Bb5 Bd7 7. Bxc6 bxc6 8. 0-0 c5 9. Nf3 Bc6 10. Bf4 Nf6 11. Re1 0-0 12. e5 Nh5 13. Bd2 g6 14. Bh6 Ng7 15. Nd5 Re8 16. Nxe7+ Qxe7 17. exd6 Qxd6 18. c4 Bxf3 19. Qxf3 Nf5 20. Bf4 Qb6 21. b3 Nd4 22. Qg3 Ne2+ 23. Rxe2 Rxe2 24. Bxc7 Rae8 25. h4 Qf6 26. Bf4 Qxa1+ 0-1